书目信息 |
| 题名: |
巨人的对决
|
|
| 作者: | 张宇翔 著 | |
| 分册: | ||
| 出版信息: | 长春 吉林文史出版社 2016 |
|
| 页数: | 432页 | |
| 开本: | 26cm | |
| 丛书名: | ||
| 单 册: | ||
| 中图分类: | E925.61 | |
| 科图分类: | ||
| 主题词: | 第一次世界大战战役--主力舰--介绍 | |
| 电子资源: | ||
| ISBN: | 978-7-5472-3743-4 | |
| 000 | 01017nam0 2200253 45 | |
| 001 | 012001005273 | |
| 005 | 20141008131218.0 | |
| 010 | @a978-7-5472-3743-4@dCNY189.80 | |
| 100 | @a20170328d2016 em y0chiy50 ea | |
| 101 | 0 | @achi |
| 102 | @aCN@b220000 | |
| 105 | @aab z 000yy | |
| 106 | @ar | |
| 200 | 1 | @a巨人的对决@9ju ren de dui jue@e日德兰海战中的主力舰@dChallengers of the trident@edreadnoughts in battle of Jutlands@f张宇翔著@zeng |
| 210 | @a长春@c吉林文史出版社@d2016 | |
| 215 | @a432页@c图,地图@d26cm | |
| 300 | @a指文世界舰艇 015 | |
| 330 | @a本书详细研究日德兰海战双方战舰的战斗表现,细节上依靠双方战后报告和损伤记录,剥离海战中真真假假的宏大叙事和英雄壮举,让事实本身说话,并在此基础上对该海战及其影响进行技术层面的反思。 | |
| 510 | 1 | @aChallengers of the trident@edreadnoughts in battle of Jutlands@zeng |
| 606 | 0 | @a第一次世界大战战役@x主力舰@x介绍 |
| 690 | @aE925.61@v5 | |
| 701 | 0 | @a张宇翔@9zhang yu xiang@4著 |
| 801 | 0 | @aCN@b上海新华@c20180901 |
| 905 | @b1173398-400@dE925.61@e52@f3 | |
| 巨人的对决:日德兰海战中的主力舰=Challengers of the trident:dreadnoughts in battle of Jutlands/张宇翔著.-长春:吉林文史出版社,2016 |
| 432页:图,地图;26cm |
| 指文世界舰艇 015 |
| ISBN 978-7-5472-3743-4:CNY189.80 |
| 本书详细研究日德兰海战双方战舰的战斗表现,细节上依靠双方战后报告和损伤记录,剥离海战中真真假假的宏大叙事和英雄壮举,让事实本身说话,并在此基础上对该海战及其影响进行技术层面的反思。 |
| ● |
| 相关链接 |
|
|
|
|
正题名:巨人的对决
索取号:E925.61/52
 
预约/预借
| 序号 | 登录号 | 条形码 | 馆藏地/架位号 | 状态 | 备注 |
| 1 | 1173398 | 211733980 | 第一样本阅览室/ [索取号:E925.61/52] | 在馆 | |
| 2 | 1173399 | 211733999 | 第一借阅区/ [索取号:E925.61/52] | 在馆 | |
| 3 | 1173400 | 211734006 | 密集书库-资源管理系/ [索取号:E925.61/52] | 在馆 |